000 01556nam a2200277 a 4500
090 _aIAVH
_b00636
041 _aspa
100 _aOchoa Quintero, José Manuel
_95022
245 _aInventario y monitoreo participativo de las aves del AICA del Cañón del río Alicante en los municipios de Maceo y Puerto Berrío
260 _aMedellín
_bInstituto Alexander von Humboldt
_c2004
300 _a206 p.
505 _aProducto 1: Plan Operativo Anual
505 _aProducto 2: Archivo fotográfico
505 _aProducto 3: Presentación del Proyecto
505 _aProducto 4: Diseño de cartilla
520 _aSe presenta un inventario completo de la avifauna identificada luego de 504 horas/observación con binóculs y usando redes de niebla. Se presenta un resumen de los documentos utilizados en los talleres de capacitación a un grupo de habitantes locales en identificación y toma de datos de especies de aves de la zona. Se diseñó una cartilla divulgativa con la información relacionada con el proyecto y la lista de chequeo de especies. Además, se presenta una propuesta de investigación en tres especies: Pionopsitta pyrilia, Steatomis caripensis y Crax alberti.
650 _aConservación
_992401
650 _aBiodiversidad
_992204
650 _aInventarios
_992201
650 _aAvifauna
_992441
650 _aTalleres de capacitación
_95497
650 _aCapacitación en identificación de aves
_992519
650 _aCartillas
_992520
662 _aColombia
_cRío Alicante
_bAntioquia
700 _aMelo Vásquez, Isabel
_95025
999 _c6144
_d6144